[Event "Oberliga Ost-A 2122"]
[Site "Germany"]
[Date "2022.06.19"]
[Round "5.3"]
[White "Hovsepyan, Vardan"]
[Black "Guenther, Christian1111"]
[Result "1-0"]
[WhiteElo "2240"]
[BlackElo "2146"]
[PlyCount "107"]
[EventDate "2021.10.10"]
[EventType "team-tourn"]
[EventRounds "11"]
[EventCountry "GER"]
[SourceTitle "EXT 2023"]
[Source "ChessBase"]
[SourceDate "2022.10.05"]
[SourceVersion "1"]
[SourceVersionDate "2022.10.05"]
[SourceQuality "1"]
[WhiteTeam "Hoyerswerda"]
[BlackTeam "Sangerhausen"]
[WhiteTeamCountry "GER"]
[BlackTeamCountry "GER"]

1. e4 Nf6 2. e5 Nd5 3. d4 d6 4. Nf3 Bg4 5. Be2 g6 6. h3 Bxf3 7. Bxf3 dxe5 8. dxe5 c6 9. 0-0 Bg7 10. Qe1 e6 11. Bd1 Qh4 12. Nd2 Nd7 13. Ne4 h6 14. c4 N5b6 15. Nd6+ Kf8 16. Nxb7 Nxe5 17. Be2 Nexc4 18. Na5 Nxa5 19. Qxa5 Kg8 20. Rb1 Qa4 21. Qxa4 Nxa4 22. Ba6 Rb8 23. b3 Nc3 24. Rb2 Bd4 25. Rc2 Rb6 26. Bc4 Nd5 27. Rd1 Nb4 28. Rxd4 Nxc2 29. Rd7 Rb8 30. Bb2 Rh7 31. Rxa7 Nb4 32. h4 Nd5 33. Bxd5 exd5 34. Bf6 Rg7 35. Rc7 Rb6 36. g4 Kh7 37. Kg2 Ra6 38. a4 Rb6 39. a5 Rxb3 40. a6 Ra3 41. a7 c5 42. g5 d4 43. Kf1 d3 44. Ke1 Ra2 45. Kd1 c4 46. f3 c3 47. Rxc3 Rg8 48. Rc7 Rf8 49. Rb7 hxg5 50. Rb8 Rg8 51. hxg5 Ra4 52. a8Q Rxa8 53. Rb4 Ra7 54. Rh4# 1-0

[Event "Oberliga Ost-A 2122"]
[Site "Germany"]
[Date "2022.06.18"]
[Round "4.3"]
[White "Sukaylo, Aleksey"]
[Black "Hovsepyan, Vardan"]
[Result "1/2-1/2"]
[WhiteElo "2107"]
[BlackElo "2240"]
[PlyCount "136"]
[EventDate "2021.10.10"]
[EventType "team-tourn"]
[EventRounds "11"]
[EventCountry "GER"]
[SourceTitle "EXT 2023"]
[Source "ChessBase"]
[SourceDate "2022.10.05"]
[SourceVersion "1"]
[SourceVersionDate "2022.10.05"]
[SourceQuality "1"]
[WhiteTeam "Halle USV"]
[BlackTeam "Hoyerswerda"]
[WhiteTeamCountry "GER"]
[BlackTeamCountry "GER"]

1. e4 e5 2. Nf3 Nc6 3. Bc4 Bc5 4. c3 Nf6 5. d4 exd4 6. cxd4 Bb4+ 7. Bd2 Bxd2+ 8. Nbxd2 d5 9. exd5 Nxd5 10. Qb3 Na5 11. Qa4+ c6 12. Bxd5 Qxd5 13. 0-0 0-0 14. Rfc1 Qb5 15. Qa3 b6 16. Qc3 Bd7 17. Ne5 Rad8 18. Ndf3 Be6 19. b4 f6 20. bxa5 fxe5 21. Nxe5 c5 22. dxc5 Rd5 23. axb6 axb6 24. Qe3 bxc5 25. Ng6 Re8 26. Nf4 Bf7 27. Nxd5 Rxe3 28. Nxe3 Qa5 29. a4 Bb3 30. h3 h6 31. Ra3 Be6 32. Rac3 Qxa4 33. Rxc5 Qd4 34. Rc7 Qb2 35. R7c2 Qb5 36. Rc6 Qe5 37. Rb1 Bd7 38. Ra6 Qg5 39. Rbb6 Kh7 40. Kh1 Bc8 41. Ra8 Qc5 42. Rbb8 Qc1+ 43. Kh2 Qc7+ 44. Kg1 Qc1+ 45. Kh2 Qc7+ 46. g3 Bb7 47. Rh8+ Kg6 48. Rad8 Qc6 49. Nd5 Qc2 50. Rhf8 Qe4 51. Rfe8 Qb1 52. Rd6+ Kh7 53. Re7 Kh8 54. Rd8+ Kh7 55. Rdd7 Bxd5 56. Rxd5 Qa2 57. Rf5 Kg6 58. Rf4 Qc2 59. h4 Qa2 60. Kh3 Qd5 61. f3 Qd1 62. Re6+ Kh7 63. Re5 Qd7+ 64. g4 Qd1 65. Rff5 Qh1+ 66. Kg3 Qg1+ 67. Kh3 Qh1+ 68. Kg3 Qg1+ 1/2-1/2

[Event "EU-ch Online U2300 Qual"]
[Site "Chess.com INT"]
[Date "2020.05.25"]
[Round "5"]
[White "Papadiamandis, Elliot"]
[Black "Hovsepyan, Vardan"]
[Result "1-0"]
[WhiteElo "2269"]
[BlackElo "2231"]
[PlyCount "137"]
[EventDate "2020.05.25"]
[EventType "swiss"]
[EventRounds "8"]
[EventCountry "NET"]
[SourceTitle "EXT 2021"]
[Source "ChessBase"]
[SourceDate "2020.10.23"]
[SourceVersion "1"]
[SourceVersionDate "2020.10.23"]
[SourceQuality "1"]

1. e4 e5 2. Nf3 Nc6 3. Bc4 Nf6 4. d3 Bc5 5. c3 a6 6. Nbd2 Ba7 7. Bb3 0-0 8. 0-0 d6 9. h3 Ne7 10. Re1 Ng6 11. Nf1 Nh5 12. Bg5 Qe8 13. d4 Nhf4 14. Ne3 h6 15. Bxf4 Nxf4 16. Nd5 Nxd5 17. exd5 e4 18. Nd2 f5 19. f3 e3 20. f4 g5 21. Qf3 gxf4 22. Qxf4 e2 23. Qxh6 f4 24. Qg5+ Kh8 25. Qh4+ Kg7 26. Qf2 Qg6 27. Kh2 Bg4 28. hxg4 Rh8+ 29. Kg1 Qh6 30. Qf3 Rae8 31. Ne4 c5 32. dxc6 bxc6 33. g5 Qh4 34. Nf6 Re3 35. Qg4 Qxg4 36. Nxg4 Rg3 37. Nh2 Re8 38. Nf3 c5 39. Kf2 cxd4 40. cxd4 Re4 41. Rac1 Bb6 42. Rc6 Bxd4+ 43. Nxd4 Rxd4 44. Rxe2 Rxg5 45. Rxa6 Rd3 46. Ra7+ Kg6 47. Re6+ Kh5 48. Rh7+ Kg4 49. Re2 d5 50. Bc2 Rd4 51. a4 Rb4 52. Bd1 Kf5 53. Rf7+ Kg6 54. Rf8 Kg7 55. Rd8 Rd4 56. Bc2 Rb4 57. Rd7+ Kf6 58. Rd6+ Kf7 59. a5 Rxb2 60. a6 Rb8 61. Rd7+ Kf6 62. a7 Ra8 63. Ba4 Rg7 64. Rxg7 Kxg7 65. Re7+ Kf6 66. Rc7 d4 67. Bc6 Rd8 68. a8Q Rxa8 69. Bxa8 1-0

[Event "Groningen op 56th"]
[Site "Groningen"]
[Date "2018.12.23"]
[Round "2"]
[White "Schoppen, Casper"]
[Black "Hovsepyan, Vardan"]
[Result "1-0"]
[WhiteElo "2431"]
[BlackElo "2264"]
[PlyCount "43"]
[EventDate "2018.12.22"]
[EventType "swiss"]
[EventRounds "9"]
[EventCountry "NED"]
[SourceTitle "CBM 188 Extra"]
[Source "ChessBase"]
[SourceDate "2019.02.26"]
[SourceVersion "1"]
[SourceVersionDate "2019.02.26"]
[SourceQuality "1"]

1. e4 e6 2. d4 d5 3. Nc3 Nf6 4. e5 Nfd7 5. f4 c5 6. Nf3 Nc6 7. Be3 a6 8. Qd2 b5 9. dxc5 Bxc5 10. Bd3 Bb7 11. Bxc5 Nxc5 12. Qf2 Qe7 13. 0-0 Nb4 14. Rad1 Nbxd3 15. cxd3 b4 16. Ne2 Rc8 17. Ned4 g6 18. Qe3 Qc7 19. Rc1 Qa5 20. Rc2 Ke7 21. Rfc1 Nd7 22. Rxc8 1-0

[Event "Groningen op 56th"]
[Site "Groningen"]
[Date "2018.12.22"]
[Round "1"]
[White "Hovsepyan, Vardan"]
[Black "Keuning, Selwin"]
[Result "1-0"]
[WhiteElo "2264"]
[BlackElo "2013"]
[PlyCount "89"]
[EventDate "2018.12.22"]
[EventType "swiss"]
[EventRounds "9"]
[EventCountry "NED"]
[SourceTitle "CBM 188 Extra"]
[Source "ChessBase"]
[SourceDate "2019.02.26"]
[SourceVersion "1"]
[SourceVersionDate "2019.02.26"]
[SourceQuality "1"]

1. e4 c5 2. Nf3 g6 3. Nc3 Bg7 4. g3 Nc6 5. Bg2 d6 6. 0-0 e6 7. d3 Nge7 8. Be3 0-0 9. d4 d5 10. exd5 exd5 11. Na4 c4 12. b3 Nf5 13. Bg5 Qa5 14. Bd2 Qc7 15. c3 b5 16. Nc5 b4 17. cxb4 Nfxd4 18. Nxd4 Bxd4 19. Bxd5 Bh3 20. Bf4 Qb6 21. Na4 Qa6 22. Bxc4 Qb7 23. Qf3 Bxf1 24. Rxf1 Rac8 25. a3 Qe7 26. Ba6 Ne5 27. Bxe5 Qxe5 28. Bxc8 Rxc8 29. Nc5 Bxc5 30. bxc5 Qxc5 31. b4 Qe5 32. Rd1 Rc7 33. Kg2 Kg7 34. Qd5 Qe2 35. Qd4+ f6 36. Rd3 h5 37. Re3 Qa6 38. Qd5 Rf7 39. h4 Qc8 40. Re6 Qc3 41. Ra6 Qc8 42. b5 Qc3 43. a4 Re7 44. Rc6 Qe1 45. Rc8 1-0

[Event "Bamberg op 1st"]
[Site "Bamberg"]
[Date "2018.05.13"]
[Round "7"]
[White "Wichmann, Adrian"]
[Black "Hovsepyan, Vardan"]
[Result "0-1"]
[WhiteElo "2126"]
[BlackElo "2244"]
[PlyCount "52"]
[EventDate "2018.05.09"]
[EventType "swiss"]
[EventRounds "7"]
[EventCountry "GER"]
[SourceTitle "CBM 184 Extra"]
[Source "ChessBase"]
[SourceDate "2018.06.28"]
[SourceVersion "1"]
[SourceVersionDate "2018.06.28"]
[SourceQuality "1"]

1. e4 e5 2. Nf3 Nc6 3. Bc4 Nf6 4. Ng5 d5 5. exd5 Na5 6. Bb5+ Bd7 7. Qe2 Bd6 8. Nc3 0-0 9. Nge4 Nxe4 10. Nxe4 Be7 11. Bxd7 Qxd7 12. c4 c6 13. Nc3 b5 14. d6 Bxd6 15. cxb5 Rab8 16. bxc6 Nxc6 17. 0-0 Nd4 18. Qd1 f5 19. d3 f4 20. f3 Bc5 21. Kh1 Nf5 22. Ne4 Bd4 23. Rb1 Rb6 24. g4 fxg3 25. hxg3 Ne3 26. Bxe3 Qh3+ 0-1

[Event "Bamberg op 1st"]
[Site "Bamberg"]
[Date "2018.05.12"]
[Round "5"]
[White "Chatalbashev, Boris"]
[Black "Hovsepyan, Vardan"]
[Result "1/2-1/2"]
[WhiteElo "2561"]
[BlackElo "2244"]
[PlyCount "57"]
[EventDate "2018.05.09"]
[EventType "swiss"]
[EventRounds "7"]
[EventCountry "GER"]
[SourceTitle "CBM 184 Extra"]
[Source "ChessBase"]
[SourceDate "2018.06.28"]
[SourceVersion "1"]
[SourceVersionDate "2018.06.28"]
[SourceQuality "1"]

1. d4 d5 2. c4 c6 3. Nf3 Nf6 4. g3 Bf5 5. Nc3 e6 6. Nh4 Bg4 7. Qb3 Qb6 8. h3 Bh5 9. c5 Qxb3 10. axb3 Be7 11. g4 Bg6 12. g5 Ne4 13. Nxg6 hxg6 14. Nxe4 dxe4 15. Bf4 Na6 16. Ra4 Kd7 17. Bg2 Rh5 18. Bxe4 Rh4 19. e3 e5 20. dxe5 Nxc5 21. Rd4+ Ke8 22. Bc2 Ne6 23. Rc4 Nxg5 24. Bxg5 Bxg5 25. f4 Bd8 26. Be4 Ke7 27. Ke2 Bb6 28. Bg2 Rd8 29. Rf1 1/2-1/2

[Event "Bamberg op 1st"]
[Site "Bamberg"]
[Date "2018.05.12"]
[Round "6"]
[White "Hovsepyan, Vardan"]
[Black "Donchenko, Alexander"]
[Result "0-1"]
[WhiteElo "2244"]
[BlackElo "2587"]
[PlyCount "81"]
[EventDate "2018.05.09"]
[EventType "swiss"]
[EventRounds "7"]
[EventCountry "GER"]
[SourceTitle "CBM 184 Extra"]
[Source "ChessBase"]
[SourceDate "2018.06.28"]
[SourceVersion "1"]
[SourceVersionDate "2018.06.28"]
[SourceQuality "1"]

1. e4 c5 2. Nc3 d6 3. Nge2 Nf6 4. g3 g6 5. Bg2 Bg7 6. 0-0 Nc6 7. d3 0-0 8. h3 Rb8 9. f4 Nd7 10. f5 b5 11. Kh1 e6 12. Qe1 b4 13. Nd1 Nde5 14. Ne3 Nd4 15. g4 Bb7 16. Nf4 d5 17. Rb1 dxe4 18. dxe4 Ba6 19. Rf2 Qh4 20. Qg1 Bh6 21. Bd2 Nef3 22. Bxf3 Bxf4 23. Bg2 Bg3 24. Be1 Ne2 25. Rxe2 Bxe2 26. Bxg3 Qxg3 27. Nf1 Qe5 28. Qf2 Bxf1 29. Rxf1 f6 30. Qe3 exf5 31. Qb3+ Kg7 32. exf5 Rbd8 33. a3 a5 34. axb4 cxb4 35. fxg6 hxg6 36. Ra1 Rd2 37. Qc4 Rfd8 38. Rf1 Rd1 39. b3 Rxf1+ 40. Qxf1 Rd2 41. Qd1 0-1

[Event "Bamberg op 1st"]
[Site "Bamberg"]
[Date "2018.05.09"]
[Round "1"]
[White "Helms, Sven"]
[Black "Hovsepyan, Vardan"]
[Result "0-1"]
[WhiteElo "1985"]
[BlackElo "2244"]
[PlyCount "78"]
[EventDate "2018.05.09"]
[EventType "swiss"]
[EventRounds "7"]
[EventCountry "GER"]
[SourceTitle "CBM 184 Extra"]
[Source "ChessBase"]
[SourceDate "2018.06.28"]
[SourceVersion "1"]
[SourceVersionDate "2018.06.28"]
[SourceQuality "1"]

1. e4 c5 2. d4 cxd4 3. c3 d3 4. Bxd3 Nc6 5. f4 d5 6. e5 h5 7. Be3 g6 8. Nf3 Nh6 9. h3 Bf5 10. Na3 Bxd3 11. Qxd3 Nf5 12. Bf2 e6 13. Nc2 Qc7 14. Ncd4 Ncxd4 15. Nxd4 Nxd4 16. Bxd4 a6 17. 0-0 Bc5 18. Qe3 Rc8 19. Rfd1 Qb6 20. Qf2 Bxd4 21. Rxd4 Rc6 22. Rad1 Qc7 23. R1d3 b5 24. g4 hxg4 25. hxg4 Qe7 26. Kg2 a5 27. Rh3 Rxh3 28. Kxh3 b4 29. cxb4 axb4 30. Qd2 Rc4 31. Rxc4 dxc4 32. Qg2 Qc5 33. Qa8+ Ke7 34. Kh4 c3 35. Kg5 c2 36. Qb7+ Kd8 37. Qb8+ Kd7 38. Qb7+ Qc7 39. Qb5+ Kd8 0-1

[Event "Oberliga Ost-A 1718"]
[Site "Germany"]
[Date "2018.04.14"]
[Round "10.4"]
[White "Erler, Rainer"]
[Black "Hovsepyan, Vardan"]
[Result "0-1"]
[WhiteElo "2100"]
[BlackElo "2218"]
[PlyCount "154"]
[EventDate "2017.10.22"]
[EventType "team-tourn"]
[EventRounds "11"]
[EventCountry "GER"]
[SourceTitle "EXT 2019"]
[Source "ChessBase"]
[SourceDate "2018.10.10"]
[SourceVersion "1"]
[SourceVersionDate "2018.10.10"]
[SourceQuality "1"]
[WhiteTeam "Dessau"]
[BlackTeam "Hoyerswerda"]
[WhiteTeamCountry "GER"]
[BlackTeamCountry "GER"]

1. e4 e5 2. Nf3 Nc6 3. Bb5 a6 4. Ba4 Nf6 5. 0-0 b5 6. Bb3 Be7 7. Re1 0-0 8. d4 d6 9. c3 Bg4 10. d5 Na5 11. Bc2 c6 12. dxc6 Qc7 13. h3 Bc8 14. Nbd2 Qxc6 15. Nf1 Nc4 16. Ne3 Nxe3 17. Bxe3 Nxe4 18. Bg5 Nxg5 19. Nxg5 Bxg5 20. Be4 Qb6 21. Bxa8 Bxh3 22. Be4 Bc8 23. Qh5 h6 24. Rad1 Be6 25. Bd5 g6 26. Qf3 Bd7 27. Qd3 Kg7 28. Bb3 Be7 29. Re3 Bg4 30. Rf1 Bg5 31. Ree1 Bf5 32. Qd5 Be6 33. Qd3 Bxb3 34. axb3 f5 35. Rd1 Rf6 36. Rfe1 h5 37. Qd5 Bf4 38. Qf3 h4 39. Ra1 Bd2 40. Re2 e4 41. Qh3 Bg5 42. g3 Rf8 43. Rd1 Rh8 44. g4 Rf8 45. Qg2 e3 46. Rd5 f4 47. Qe4 Kh6 48. f3 Qd8 49. Qd4 Be7 50. Rh2 Qa5 51. Rxd6 Bxd6 52. Rxh4+ Kg5 53. Rh5+ gxh5 54. Qd5+ Kg6 55. Qxd6+ Rf6 56. gxh5+ Kf7 57. Qd5+ Ke7 58. Qe5+ Re6 59. Qg7+ Kd6 60. Qf8+ Kd7 61. Qf7+ Re7 62. Qd5+ Kc8 63. Qa8+ Kc7 64. Qa7+ Kd8 65. Qa8+ Kd7 66. Qd5+ Kc7 67. Qc5+ Kd8 68. Qd6+ Rd7 69. Qb8+ Ke7 70. Qe5+ Kf7 71. Qf5+ Ke8 72. Qe5+ Re7 73. Qh8+ Kd7 74. Qd4+ Kc8 75. Qc5+ Qc7 76. Qf5+ Kb8 77. Qf8+ Ka7 0-1

[Event "Oberliga Ost-A 1718"]
[Site "Germany"]
[Date "2018.02.03"]
[Round "6.4"]
[White "Hutsch, Oliver"]
[Black "Hovsepyan, Vardan"]
[Result "0-1"]
[WhiteElo "2161"]
[BlackElo "2218"]
[PlyCount "86"]
[EventDate "2017.10.22"]
[EventType "team-tourn"]
[EventRounds "11"]
[EventCountry "GER"]
[SourceTitle "EXT 2019"]
[Source "ChessBase"]
[SourceDate "2018.10.10"]
[SourceVersion "1"]
[SourceVersionDate "2018.10.10"]
[SourceQuality "1"]
[WhiteTeam "Dresden Gruen Weiss"]
[BlackTeam "Hoyerswerda"]
[WhiteTeamCountry "GER"]
[BlackTeamCountry "GER"]

1. d4 Nf6 2. g3 g6 3. Bg2 Bg7 4. e4 d6 5. Ne2 h5 6. h3 c5 7. dxc5 Qa5+ 8. c3 Qxc5 9. Be3 Qc7 10. Na3 a6 11. Qb3 Nbd7 12. 0-0 Nc5 13. Qc2 Bd7 14. Nf4 Rc8 15. Bxc5 Qxc5 16. Rad1 b5 17. Qd3 h4 18. g4 b4 19. cxb4 Qxb4 20. g5 Ng8 21. Nd5 Qxb2 22. Rd2 Qb8 23. Rb1 Qa7 24. Rc2 Bd4 25. Rb4 Rxc2 26. Qxc2 e6 27. Qc7 Bxf2+ 28. Kf1 Qxc7 29. Nxc7+ Kd8 30. Nxa6 Bg3 31. Nc4 Bc8 32. Rb8 d5 33. exd5 Bxb8 34. Nxb8 exd5 35. Nc6+ Kc7 36. N4e5 Rh5 37. Nb4 Ne7 38. Nxf7 Be6 39. Ne5 Rxg5 40. Nbd3 Bf5 41. Kf2 Be4 42. Bf1 Rf5+ 43. Kg1 Nc6 0-1

[Event "Oberliga Ost-A 1617"]
[Site "Germany"]
[Date "2016.11.20"]
[Round "3.4"]
[White "Hovsepyan, Vardan"]
[Black "Runau, Ralf"]
[Result "1/2-1/2"]
[WhiteElo "2162"]
[BlackElo "2340"]
[PlyCount "72"]
[EventDate "2016.10.16"]
[EventType "team-tourn"]
[EventRounds "11"]
[EventCountry "GER"]
[SourceTitle "EXT 2018"]
[Source "ChessBase"]
[SourceDate "2017.10.13"]
[SourceVersion "1"]
[SourceVersionDate "2017.10.13"]
[SourceQuality "1"]
[WhiteTeam "Hoyerswerda"]
[BlackTeam "Leipzig SG"]
[WhiteTeamCountry "GER"]
[BlackTeamCountry "GER"]

1. e4 g6 2. d4 c6 3. g3 d5 4. Nc3 Bg7 5. Be3 Nf6 6. e5 Ng4 7. Bf4 f6 8. exf6 exf6 9. h3 Nh6 10. h4 0-0 11. Qd2 Re8+ 12. Be2 Nf7 13. 0-0-0 b5 14. Kb1 Nd7 15. Nf3 Nb6 16. Rde1 Bg4 17. Nd1 Nd6 18. c3 Nbc4 19. Qc2 a5 20. Ne3 Nxe3 21. Bxe3 Qd7 22. Nh2 Bf5 23. Bd3 Bxd3 24. Qxd3 Qf5 25. Qxf5 Nxf5 26. Bf4 a4 27. a3 h5 28. Kc2 Kf7 29. Nf3 Bf8 30. Kd3 Nd6 31. Nd2 Nc4 32. Rxe8 Rxe8 33. Nxc4 bxc4+ 34. Kd2 Re6 35. f3 Be7 36. Rh2 Bf8 1/2-1/2

[Event "Oberliga Ost-A 1617"]
[Site "Germany"]
[Date "2016.10.16"]
[Round "1.3"]
[White "Kukel, Imre"]
[Black "Hovsepyan, Vardan"]
[Result "1/2-1/2"]
[WhiteElo "2251"]
[BlackElo "2162"]
[PlyCount "72"]
[EventDate "2016.10.16"]
[EventType "team-tourn"]
[EventRounds "11"]
[EventCountry "GER"]
[SourceTitle "EXT 2018"]
[Source "ChessBase"]
[SourceDate "2017.10.13"]
[SourceVersion "1"]
[SourceVersionDate "2017.10.13"]
[SourceQuality "1"]
[WhiteTeam "Dresden USV TU II"]
[BlackTeam "Hoyerswerda"]
[WhiteTeamCountry "GER"]
[BlackTeamCountry "GER"]

1. e4 e5 2. f4 d5 3. exd5 exf4 4. Nf3 Nf6 5. Be2 Nxd5 6. c4 Nf6 7. Nc3 Bd6 8. d4 c6 9. c5 Bc7 10. Bc4 0-0 11. 0-0 Nd5 12. Bxd5 cxd5 13. Qb3 Nc6 14. Qxd5 Be6 15. Qe4 Bc4 16. d5 Bxf1 17. Kxf1 Re8 18. Qa4 Ne5 19. d6 Nxf3 20. gxf3 Bxd6 21. cxd6 Qxd6 22. Bxf4 Qb6 23. Qb5 Qe6 24. Kg2 b6 25. Rg1 Rac8 26. Kh1 Rc5 27. Qd3 g6 28. Ne4 Rf5 29. Bd2 Re5 30. Bc3 f5 31. Ng5 Qd5 32. Qa6 h6 33. Bxe5 hxg5 34. Bc3 Qxf3+ 35. Rg2 Qd1+ 36. Rg1 Qf3+ 1/2-1/2

[Event "Vienna op-A"]
[Site "Vienna"]
[Date "2016.08.20"]
[Round "5"]
[White "Fauland, Alexander"]
[Black "Hovsepyan, Vardan"]
[Result "1-0"]
[WhiteElo "2431"]
[BlackElo "2173"]
[PlyCount "89"]
[EventDate "2016.08.16"]
[EventType "swiss"]
[EventRounds "9"]
[EventCountry "AUT"]
[SourceTitle "CBM 173 Extra"]
[Source "ChessBase"]
[SourceDate "2016.08.29"]
[SourceVersion "1"]
[SourceVersionDate "2016.08.29"]
[SourceQuality "1"]

1. c4 f5 2. d4 Nf6 3. Nc3 e6 4. e3 Bb4 5. Bd3 0-0 6. Nge2 d6 7. Qc2 Ng4 8. f3 Nh6 9. 0-0 c5 10. a3 Ba5 11. Rb1 Nc6 12. d5 Ne5 13. dxe6 Bxe6 14. Nf4 Bf7 15. b3 Qh4 16. Ncd5 Rae8 17. Rd1 Be1 18. Bb2 Bxd5 19. Nxd5 Ba5 20. Be2 Re6 21. Nf4 Nhg4 22. fxg4 Rh6 23. gxf5 Qxh2+ 24. Kf1 Bd8 25. Ke1 Bg5 26. Qe4 Rh4 27. Rxd6 Nf7 28. Rdd1 Qg3+ 29. Kd2 Bxf4 30. exf4 Rxf4 31. Qxb7 Rf2 32. Qe4 Ng5 33. Qd5+ Kh8 34. Be5 Qg4 35. Re1 Ne4+ 36. Kd3 Qg5 37. Kxe4 Qxf5+ 38. Ke3 Re8 39. Kd2 Qg5+ 40. Kc2 Rxg2 41. Rbd1 h6 42. Rd2 Rxe5 43. Qa8+ Kh7 44. Bd3+ g6 45. Rxg2 1-0

[Event "Prague op-A 15th"]
[Site "Prague"]
[Date "2016.01.15"]
[Round "9"]
[White "Hovsepyan, Vardan"]
[Black "Atalik, Ekaterina"]
[Result "0-1"]
[WhiteElo "2067"]
[BlackElo "2378"]
[PlyCount "80"]
[EventDate "2016.01.08"]
[EventType "swiss"]
[EventRounds "9"]
[EventCountry "CZE"]
[SourceTitle "CBM 170 Extra"]
[Source "ChessBase"]
[SourceDate "2016.02.25"]
[SourceVersion "1"]
[SourceVersionDate "2016.02.25"]
[SourceQuality "1"]

1. e4 e5 2. Nf3 Nc6 3. Bb5 Nf6 4. d3 d6 5. 0-0 Be7 6. c3 0-0 7. Re1 a6 8. Ba4 b5 9. Bc2 Nd7 10. Nbd2 Nb6 11. Nf1 Bf6 12. Be3 g6 13. Bh6 Bg7 14. Bxg7 Kxg7 15. d4 Bg4 16. Ne3 Bxf3 17. gxf3 Qf6 18. d5 Ne7 19. b3 Rac8 20. Kg2 Qf4 21. Rg1 c6 22. dxc6 Rxc6 23. Rc1 Rd8 24. c4 bxc4 25. bxc4 Nxc4 26. Nxc4 Rxc4 27. Bd3 Qg5+ 28. Kh1 Rxc1 29. Qxc1 Qf6 30. f4 exf4 31. Qc7 Rc8 32. Qb7 a5 33. Rd1 Rc5 34. Bb5 f3 35. Ba4 Rh5 36. Bd7 Qe5 37. h3 f5 38. Bxf5 gxf5 39. Rg1+ Kf6 40. Rg3 Rg5 0-1

[Event "Prague op-A 15th"]
[Site "Prague"]
[Date "2016.01.14"]
[Round "8"]
[White "Manik, Mikulas"]
[Black "Hovsepyan, Vardan"]
[Result "0-1"]
[WhiteElo "2406"]
[BlackElo "2067"]
[PlyCount "58"]
[EventDate "2016.01.08"]
[EventType "swiss"]
[EventRounds "9"]
[EventCountry "CZE"]
[SourceTitle "CBM 170 Extra"]
[Source "ChessBase"]
[SourceDate "2016.02.25"]
[SourceVersion "1"]
[SourceVersionDate "2016.02.25"]
[SourceQuality "1"]

1. e4 e5 2. Nf3 Nc6 3. Bb5 a6 4. Ba4 Nf6 5. 0-0 Bc5 6. c3 Ba7 7. Re1 0-0 8. h3 d6 9. d4 Qe7 10. Bg5 Rd8 11. Bb3 Nb8 12. Nbd2 h6 13. Bh4 Nbd7 14. Nf1 Nf8 15. Ne3 g5 16. Bg3 Ng6 17. Nf5 Qf8 18. dxe5 Nxe4 19. Nxh6+ Qxh6 20. Rxe4 Bf5 21. Re1 dxe5 22. Qc1 Rd3 23. h4 Rxf3 24. hxg5 Qh5 25. gxf3 Qh3 26. Re3 Nf4 27. Qf1 Bxe3 28. Qxh3 Nxh3+ 29. Kg2 Nf4+ 0-1

[Event "Oberliga Ost-A 1516"]
[Site "Germany"]
[Date "2015.12.13"]
[Round "5.3"]
[White "Hovsepyan, Vardan"]
[Black "Guenther, Christian1111"]
[Result "0-1"]
[WhiteElo "2092"]
[BlackElo "2145"]
[PlyCount "130"]
[EventDate "2015.09.20"]
[EventType "team-tourn"]
[EventRounds "11"]
[EventCountry "GER"]
[SourceTitle "EXT 2017"]
[Source "ChessBase"]
[SourceDate "2016.10.25"]
[SourceVersion "1"]
[SourceVersionDate "2016.10.25"]
[SourceQuality "1"]
[WhiteTeam "Hoyerswerda"]
[BlackTeam "Sangerhausen"]
[WhiteTeamCountry "GER"]
[BlackTeamCountry "GER"]

1. Nf3 Nf6 2. d4 d5 3. g3 c6 4. Bg2 Bf5 5. 0-0 e6 6. b3 Nbd7 7. Bb2 h6 8. Nbd2 Be7 9. Ne5 0-0 10. Re1 Qc7 11. f3 Rad8 12. e4 dxe4 13. fxe4 Bh7 14. Ndc4 b5 15. Ne3 b4 16. Kh1 Nb6 17. N5g4 Nxg4 18. Qxg4 Bf6 19. e5 Bf5 20. Qe2 Be7 21. Nc4 c5 22. Ne3 Bg6 23. dxc5 Bxc5 24. Rec1 Bd4 25. Bxd4 Rxd4 26. a3 Qxe5 27. axb4 Rxb4 28. Qe1 a5 29. Ra3 Be4 30. Rca1 Bxg2+ 31. Nxg2 Qxe1+ 32. Nxe1 a4 33. bxa4 Ra8 34. a5 Nc4 35. R3a2 Ra6 36. Ra4 Rxa4 37. Rxa4 Nxa5 38. Nd3 Ra7 39. Kg2 Nc6 40. Rc4 Ne7 41. Kf2 f6 42. h4 g5 43. hxg5 hxg5 44. Kf3 Kf7 45. Ke2 f5 46. Rc5 Kf6 47. Ne5 Nd5 48. Nd3 Rc7 49. c4 Rxc5 50. Nxc5 Nb6 51. Kd3 Ke5 52. Nb3 Nd7 53. Ke3 Kd6 54. Nd2 e5 55. Nb3 Nc5 56. Nd2 e4 57. g4 f4+ 58. Kd4 e3 59. Nf3 Ne6+ 60. Ke4 e2 61. Ne1 Kc5 62. Kd3 Nd4 63. Kc3 f3 64. Kd2 Kxc4 65. Ke3 Kd5 0-1

[Event "Oberliga Ost-A 1415"]
[Site "Germany"]
[Date "2015.04.12"]
[Round "11.5"]
[White "Hansch, Karsten"]
[Black "Hovsepyan, Vardan"]
[Result "1-0"]
[WhiteElo "2181"]
[BlackElo "2072"]
[PlyCount "153"]
[EventDate "2014.09.21"]
[EventType "team-tourn"]
[EventRounds "11"]
[EventCountry "GER"]
[SourceTitle "EXT 2016"]
[Source "ChessBase"]
[SourceDate "2015.10.08"]
[SourceVersion "1"]
[SourceVersionDate "2015.10.08"]
[SourceQuality "1"]
[WhiteTeam "Magdeburg Aufbau Elbe"]
[BlackTeam "Hoyerswerda"]
[WhiteTeamCountry "GER"]
[BlackTeamCountry "GER"]

1. c4 Nf6 2. g3 c5 3. Bg2 g6 4. Nc3 Bg7 5. Nf3 0-0 6. 0-0 Nc6 7. d4 d6 8. h3 Bf5 9. Be3 Na5 10. b3 Ne4 11. Nxe4 Bxe4 12. Rc1 b6 13. Qd2 Re8 14. h4 e6 15. Rfd1 Nc6 16. Bg5 Qc8 17. dxc5 dxc5 18. Nh2 Bxg2 19. Kxg2 f6 20. Bh6 Qb7 21. f3 Rad8 22. Qe3 Bh8 23. Rxd8 Nxd8 24. Rd1 Nf7 25. Qc1 e5 26. e4 Nd8 27. Rd5 Ne6 28. Qd2 Nd4 29. Be3 Qe7 30. Bxd4 cxd4 31. Ng4 Bg7 32. Nf2 Rf8 33. f4 f5 34. fxe5 Bxe5 35. exf5 Rxf5 36. Qe2 Bf6 37. Qxe7 Bxe7 38. Rxd4 Re5 39. Re4 Bd6 40. Rxe5 Bxe5 41. Kf3 Kf7 42. Nd3 Bc3 43. Nf2 Ke7 44. Ne4 Bb2 45. Kf4 h6 46. h5 gxh5 47. Kf5 Ba3 48. Nf6 Bc1 49. Nxh5 Bg5 50. Nf4 Kd6 51. g4 a6 52. Nd3 Bd2 53. Ke4 Bc3 54. Nf4 Kc5 55. Ne6+ Kd6 56. Nd4 Kc5 57. Ne6+ Kd6 58. Nf4 Kc5 59. Kd3 Be5 60. Nd5 a5 61. Ne7 Bf6 62. Nd5 Be5 63. Ke4 Ba1 64. a4 Bb2 65. Kf5 Bc1 66. Ke6 Bb2 67. Kd7 Be5 68. Ne7 Bd6 69. Nd5 Bg3 70. Kc8 Kc6 71. Ne7+ Kc5 72. Nf5 Bf2 73. Nxh6 Kb4 74. Nf5 Kxb3 75. g5 Be1 76. Nd4+ Kxc4 77. g6 1-0